Regulácia označovania tabakových výrobkov v Európskej únii
Smernica Európskeho parlamentu a Rady 2001/37 ES z 5. júna 2001 o aproximácii zákonov, iných právnych predpisov a správnych opatrení členských štátov týkajúcich sa výroby, prezentácie a predaja tabakových výrobkov.
Gespeichert in:
| 1. Verfasser: | |
|---|---|
| Format: | Buchkapitel |
| Sprache: | Slowakisch |
| Schlagworte: | |
| Tags: |
Keine Tags, Fügen Sie das erste Tag hinzu!
|
MARC
| LEADER | 00000naa a2200000 4500 | ||
|---|---|---|---|
| 001 | 0135107 | ||
| 005 | 20220729111140.7 | ||
| 041 | 0 | |a slo | |
| 044 | |a SK | ||
| 245 | 1 | 0 | |a Regulácia označovania tabakových výrobkov v Európskej únii |c Zdena Hajnalová |
| 520 | |a Smernica Európskeho parlamentu a Rady 2001/37 ES z 5. júna 2001 o aproximácii zákonov, iných právnych predpisov a správnych opatrení členských štátov týkajúcich sa výroby, prezentácie a predaja tabakových výrobkov. | ||
| 610 | 2 | 0 | |a Európska únia |
| 610 | 2 | 0 | |a ochrana práv priemyselných |
| 610 | 2 | 0 | |a právo značkové |
| 610 | 2 | 0 | |a známky ochranné |
| 610 | 2 | 0 | |a obaly |
| 610 | 2 | 0 | |a tabak |
| 610 | 2 | 0 | |a výrobky tabakové |
| 610 | 2 | 0 | |a regulácia |
| 610 | 2 | 0 | |a ochrana zdravia |
| 610 | 2 | 0 | |a spolupráca medzinárodná |
| 100 | 1 | |a Hajnalová, Zdena | |